Sports Quiz

Random Sports or NFL Quiz

Super Bowl Winning Conference or League Quiz Stats

Quiz not verified by Sporcle

Also try: WWE Countdown
Challenge
Share
Tweet
Embed
Score 0/47 Timer 02:00
0 Plays Today
Super Bowl Winning Conference or League % Correct
????
100%
????
100%
????
96%
????
96%
????
96%
????
96%
????
96%
????
96%
????
96%
????
96%
????
96%
????
96%
????
96%
????
96%
????
96%
????
96%
????
96%
????
96%
????
96%
????
96%
????
96%
????
96%
????
96%
????
96%
Super Bowl Winning Conference or League % Correct
????
96%
????
96%
????
96%
????
96%
????
92%
????
92%
????
88%
????
88%
????
88%
????
88%
????
88%
????
88%
????
88%
????
88%
????
88%
????
88%
????
88%
????
80%
????
80%
????
80%
????
80%
????
76%
????
76%

You're not logged in!

Compare scores with friends on all Sporcle quizzes.
Sign Up with Email
OR
Log In

You Might Also Like...

Show Comments

Extras

Top Quizzes Today


Score Distribution

Your Account Isn't Verified!

In order to create a playlist on Sporcle, you need to verify the email address you used during registration. Go to your Sporcle Settings to finish the process.

Report this User

Report this user for behavior that violates our Community Guidelines.

Details: